|
003 -Nazwa inst., której nr kontr. jest w polu 001 [,]
|
-
- @
- Nazwa instytucji, której n kontrolny jest w polu 001
- NUKAT
|
|
005 -DATA I CZAS OSTATNIEJ MODYFIKACJI [,]
|
-
- @
- pole kontrolne
- 20241231114445.0
|
|
020 -Międzynarod. znormalizowany nr książki - ISBN [ , ]
|
-
- a
- Numer ISBN
- 9788324227112
|
|
040 -Instytucja sporządzająca opis [ , ]
|
-
- a
- Instytucja, która sporządziła opis (NP)
- OLSZT 003/JG
-
- c
- Instytucja, która sporządziła rekord (NP)
- OLSZT 003/JG
-
- d
- Instytucja, która zmodyfikowała rekord (P)
- OLSZT 003/DKs
-
- d
- Instytucja, która zmodyfikowała rekord (P)
- WR O/dja
-
- d
- Instytucja, która zmodyfikowała rekord (P)
- SIEDL 001/AD
|
|
041 -Język dokumentu [1, ]
|
-
- a
- Język tekstu (P)
- polski
-
- h
- Język tekstu oryginalnego i/lub pośredniego (P)
- niemiecki
|
|
942 -Rodzaj dokumentu [ , ]
|
-
- c
- Rodzaj dokumentu
- Książka
|
|
245 -Strefa tytułu i oznaczenia odpowiedzialności [1,0]
|
-
- a
- Tytuł
- Klucze do kultury :
-
- b
- Ciąg dalszy tytułu (NP)
- z perspektywy niemieckiej o literaturze polskiej /
-
- c
- Pozostałe elementy strefy tytułu i oznaczenia odpowiedzialności (NP)
- Heinrich Olschowsky ; przekład przejrzał, posłowiem opatrzył i do druku podał Marek Zybura ; [przekład Marek Adamski, Jacek Dąbrowski, Dorota Cygan, Tomasz Gabiś, Jerzy Kałążny, Andrzej Lam, Małgorzata Morawiec, Piotr Przybyła, Wojciech Wieczorek, Zofia Wóycicka, Mirosława Zielińska, Marek Zybura].
|
|
260 -Strefa adresu wydawniczego [ , ]
|
-
- a
- Miejsce wydania (P)
- Kraków :
-
- b
- Nazwa wydawcy (P)
- Towarzystwo Autorów i Wydawców Prac Naukowych "Universitas",
-
- c
- Data wydania (P)
- cop. 2015.
|
|
080 -Uniwersalna Klasyfikacja Dziesiętna [ , ]
|
-
- 2
- Identyfikator wydania tablic
- UDC-P058
-
-
- a
- Symbol klasyfikacji
- 821.162.1(091)
-
- b
- Dopowiedzenie
- Literatura polska (historia).
|
|
080 -Uniwersalna Klasyfikacja Dziesiętna [ , ]
|
-
- 2
- Identyfikator wydania tablic
- UDC-P058
-
-
- a
- Symbol klasyfikacji
- 82.091
-
- b
- Dopowiedzenie
- Literatura porównawcza. Komparatystyka. Wzajemne wpływy i związki literackie (zagadnienia teoretyczne i ogólne).
|
|
650 -Hasło przedmiotowe [ ,7]
|
-
- a
- Hasło przedmiotowe
- Literatura polska
-
- y
- Określnik chronologiczny
- 19 w.
-
- x
- Określnik rzeczowy
- historia i krytyka.
-
-
|
|
650 -Hasło przedmiotowe [ ,7]
|
-
- a
- Hasło przedmiotowe
- Literatura polska
-
- y
- Określnik chronologiczny
- 20 w.
-
- x
- Określnik rzeczowy
- historia i krytyka.
-
-
|
|
650 -Hasło przedmiotowe [ ,7]
|
-
- a
- Hasło przedmiotowe
- Literatura porównawcza
-
- x
- Określnik rzeczowy
- niemiecka i polska.
-
-
|
|
650 -Hasło przedmiotowe [ ,7]
|
-
- a
- Hasło przedmiotowe
- Literatura porównawcza
-
- x
- Określnik rzeczowy
- polska i niemiecka.
-
-
|
|
650 -Hasło przedmiotowe [ ,7]
|
-
- a
- Hasło przedmiotowe
- Literatura polska
-
- x
- Określnik rzeczowy
- recepcja
-
- z
- Określnik geograficzny
- Niemcy.
-
-
|
|
650 -Hasło przedmiotowe [ ,7]
|
-
- a
- Hasło przedmiotowe
- Krytyka
-
- z
- Określnik geograficzny
- Niemcy
-
- y
- Określnik chronologiczny
- 20 w.
-
-
|
|
980 -Symbol UKD [ , ]
|
-
- a
- UKD
- 821.162.1(091):82.091
|
|
700 -Hasło dodatkowe - nazwa osobowa [1, ]
|
-
- a
- Nazwa osobowa (NP)
- Zybura, Marek
-
- d
- Daty biograficzne (NP)
- (1957- ).
-
- e
- Określenie rodzaju współpracy
- Oprac.
-
|
|
700 -Hasło dodatkowe - nazwa osobowa [1, ]
|
-
- a
- Nazwa osobowa (NP)
- Adamski, Marek
-
- c
- Dopowiedzenie inne niż daty biograficzne (NP)
- (germanistyka).
-
- e
- Określenie rodzaju współpracy
- Tł.
-
|
|
700 -Hasło dodatkowe - nazwa osobowa [1, ]
|
-
- a
- Nazwa osobowa (NP)
- Dąbrowski, Jacek
-
- c
- Dopowiedzenie inne niż daty biograficzne (NP)
- (tłumacz).
-
- e
- Określenie rodzaju współpracy
- Tł.
-
|
|
700 -Hasło dodatkowe - nazwa osobowa [1, ]
|
-
- a
- Nazwa osobowa (NP)
- Cygan, Dorota.
-
- e
- Określenie rodzaju współpracy
- Tł.
-
|
|
700 -Hasło dodatkowe - nazwa osobowa [1, ]
|
-
- a
- Nazwa osobowa (NP)
- Gabiś, Tomasz
-
- d
- Daty biograficzne (NP)
- (1955- ).
-
- e
- Określenie rodzaju współpracy
- Tł.
-
|
|
700 -Hasło dodatkowe - nazwa osobowa [1, ]
|
-
- a
- Nazwa osobowa (NP)
- Kałążny, Jerzy
-
- d
- Daty biograficzne (NP)
- (1956- ).
-
- e
- Określenie rodzaju współpracy
- Tł.
-
|
|
700 -Hasło dodatkowe - nazwa osobowa [1, ]
|
-
- a
- Nazwa osobowa (NP)
- Lam, Andrzej
-
- d
- Daty biograficzne (NP)
- (1929- ).
-
- e
- Określenie rodzaju współpracy
- Tł.
-
|
|
700 -Hasło dodatkowe - nazwa osobowa [1, ]
|
-
- a
- Nazwa osobowa (NP)
- Morawiec, Małgorzata.
-
- e
- Określenie rodzaju współpracy
- Tł.
-
|
|
700 -Hasło dodatkowe - nazwa osobowa [1, ]
|
-
- a
- Nazwa osobowa (NP)
- Przybyła, Piotr.
-
- e
- Określenie rodzaju współpracy
- Tł.
-
|
|
700 -Hasło dodatkowe - nazwa osobowa [1, ]
|
-
- a
- Nazwa osobowa (NP)
- Wóycicka, Zofia
-
- d
- Daty biograficzne (NP)
- (1976- ).
-
- e
- Określenie rodzaju współpracy
- Tł.
-
|
|
700 -Hasło dodatkowe - nazwa osobowa [1, ]
|
-
- a
- Nazwa osobowa (NP)
- Zielińska, Mirosława
-
- d
- Daty biograficzne (NP)
- (1969- ).
-
- e
- Określenie rodzaju współpracy
- Tł.
-
|
|
700 -Hasło dodatkowe - nazwa osobowa [1, ]
|
-
- a
- Nazwa osobowa (NP)
- Wieczorek, Wojciech
-
- d
- Daty biograficzne (NP)
- (1928-2012).
-
- e
- Określenie rodzaju współpracy
- Tł.
-
|
|
710 -Hasło dodatkowe - nazwa ciała zbiorowego [2, ]
|
-
- a
- Nazwa ciała zbiorowego lub nazwa geograficzna jako pierwszy element (NP)
- Towarzystwo Autorów i Wydawców Prac Naukowych "Universitas".
-
-
|